| 000 | 00510nam a22001937a 4500 | ||
|---|---|---|---|
| 003 | KOHA_MİRAKIL | ||
| 005 | 20251024133958.0 | ||
| 008 | 251024b tu ||||| |||| 00| 0 tur d | ||
| 020 | _a9786059778862 | ||
| 040 |
_aTR-AnABB _btur _cTR-AnABB |
||
| 041 | _atur | ||
| 082 |
_a297.86 _bFER 2019 |
||
| 100 | _aFeridüddin-i Attar | ||
| 245 | 1 | 0 |
_aPendname / _cFeriduddin Attar |
| 260 |
_aİstanbul : _bSufi kitap, _c2019 |
||
| 300 |
_a78 sayfa ; _c21 cm |
||
| 650 | 0 | 0 | _aDin, İslam |
| 942 |
_2ddc _cBK |
||
| 999 |
_c9197 _d9197 |
||
| 900 | _bGizem YORULMAZ | ||